Una guía de redacción para la comunicación popular / Arturo Jimenez S. (Registro nro. 4003)

Detalles MARC
000 -LEADER
fixed length control field 00514nam a22001931a 4500
001 - CONTROL NUMBER
control field 4003
003 - CONTROL NUMBER IDENTIFIER
control field OSt
005 - DATE AND TIME OF LATEST TRANSACTION
control field 20260204211912.0
008 - FIXED-LENGTH DATA ELEMENTS--GENERAL INFORMATION
fixed length control field 050601s1999||||RD ||||||b||||||||||x ||
050 ## - LIBRARY OF CONGRESS CALL NUMBER
Classification number RD 302.2 J564g
100 ## - ASIENTO PRINCIPAL -- NOMBRE PERSONAL
Personal name Jiménez S., M. A.
245 ## - TÍTULO PROPIAMENTE DICHO: SUBTÍTULO
Title Una guía de redacción para la comunicación popular / Arturo Jimenez S.
264 ## - PRODUCTION, PUBLICATION, DISTRIBUTION, MANUFACTURE, AND COPYRIGHT NOTICE
Place of production, publication, distribution, manufacture Santo Domingo: Alfa y Omega
300 ## - PHYSICAL DESCRIPTION
Extensión 99 p
500 ## - GENERAL NOTE
General note Incluye indice.
650 ## - ASIENTO SECUNDARIO DE MATERIA -- TERMINO TEMÁTICO
Termino Temático Como Elemento de Entrada Comunicación
651 ## - ASIENTO SECUNDARIO DE MATERIA -- NOMBRE GEOGRÁFICO
Geographic name Navarro, P. AgustínÌ
942 ## - ADDED ENTRY ELEMENTS (KOHA)
Source of classification or shelving scheme Dewey Decimal Classification
Koha item type Libros
Existencias
Withdrawn status Lost status Source of classification or shelving scheme Damaged status Not for loan Current library Date acquired Total Checkouts Full call number Barcode Date last seen Price effective from Koha item type
    Dewey Decimal Classification     Biblioteca UTECO 09/09/2019   RD 302.2 J564G 008726 09/09/2019 09/09/2019 Libros
© 2021 Derechos Reservados UTECO - Teléfono: +1 809-585-2291 - Correo electrónico: biblioteca@uteco.edu.do​  
Código postal 43000 ​​
Dirección: Avenida Universitaria No. 100, 
Cotuí, Provincia Sánchez Ramírez, República Dominicana - RNC: 404-00059-6